The Body : classic and contemporary readings /

محفوظ في:

مؤلفون آخرون: Welton, Donn.

التنسيق: كتاب

اللغة: English

منشور في: Malden, Mass. : Blackwell, 1999.

سلاسل: Blackwell readings in Continental philosophy.

الموضوعات:

الوسوم: إضافة وسم

لا توجد وسوم, كن أول من يضع وسما على هذه التسجيلة!

رقم الطلب: B105 .B64 B64 1999

LEADER 00949namaa2200265 4500
001 11781
003 OSt
005 20240707070853.0
008 130303s1999 mau 000 0 eng d
952 |0 0  |1 0  |2 lcc  |4 0  |6 B0105 B64 B64 01999  |7 1  |9 10994  |a ARCE  |b ARCE  |d 2021-03-14  |l 0  |o B105 .B64 B64 1999  |p 1035556  |r 2021-03-14 00:00:00  |w 2021-03-14  |y BK 
999 |c 19940  |d 19940 
010 |a 98031144 
020 |a 0631211845 (alk. paper) 
020 |a 0631211853 (paper backgrond : alk. paper) 
040 |c ARCE Library 
050 4 |a B105 .B64 B64 1999 
245 0 4 |a The Body :   |b classic and contemporary readings /   |c edited and introduced by Donn Welton. 
264 1 |a Malden, Mass. :  |b Blackwell,  |c 1999. 
300 |a xi, 375 pages ;  |c 25 cm. 
490 0 |a Blackwell readings in Continental philosophy. 
504 |a Includes bibliographical references. 
650 0 |a Human body (Philosophy) 
700 1 |a Welton, Donn.  |9 42060 
901 |a reviewed 
942 |c BK  |2 lcc